000
00258nam a2200109Ia 4500
008
231212s2003 xx 000 0 und d
041
_a
eng
082
_a
625.395
100
_a
Andrew S. T.
245
_a
Computer Networks
260
_a
New Delhi
_b
Prentic
_c
2003
999
_c
964784
_d
964784